| 000 | 00507nam a2200181Ia 4500 | ||
|---|---|---|---|
| 008 | 140529s9999 xx 000 0 und d | ||
| 020 | _a9781583919293 | ||
| 050 |
_aRC 514 _b.M394 2007 |
||
| 100 | _aMcKenna, P. J. | ||
| 245 |
_aSchizophrenia and related syndromes / _cP.J. McKenna |
||
| 250 | _a2nd ed. | ||
| 260 |
_aLondon : _bRoutledge, _cc2007. |
||
| 300 |
_a521 p. ; _c24 cm. |
||
| 500 | _aIncludes bibliographical references and index. | ||
| 521 | _aSPED | ||
| 942 |
_kFOR _cBK |
||
| 999 |
_c117555 _d117555 |
||